Štrukturalizácia materiálových vstupov a zdrojov pre zvýšenie efektívnosti výkonu pomocou rozlišovacích kódov v PPA ENERGO s.r.o.

Saved in:
Bibliographic Details
Main Author: Lukačovič, Milan (Author)
Other Authors: Pauliková, Alena (Thesis advisor)
Format: Manuscript Book
Language:Slovak
Published: 2021
Subjects:
Online Access:http://is.stuba.sk/zp/portal_zp.pl?podrobnosti=158276
Tags: Add Tag
No Tags, Be the first to tag this record!

MARC

LEADER 00000ntm a22000003a 4500
001 stuzp78329
003 SK-STU
005 20210612210349.2
007 ta
008 150427s2015----xo-----f-mn---000-0-slo-d
040 |a STU  |b slo 
041 0 |a slo 
100 1 |a Lukačovič, Milan  |u 064000  |k Z4  |4 aut  |U MTF Materiálovotechnologická fakulta  |T MTF Ústav priemyselného inžinierstva a manažmentu  |X 77636  |U M4000  |Y 84  |7 77636 
242 0 1 |a Structuring of Material Inputs and Resources to Improve Performance Efficiency with Distinguishing Codes in PPA ENERGO Ltd.  |y eng 
245 1 0 |a Štrukturalizácia materiálových vstupov a zdrojov pre zvýšenie efektívnosti výkonu pomocou rozlišovacích kódov v PPA ENERGO s.r.o. 
260 |c 2021 
650 4 |a QR kód  |2 slo 
650 4 |a evidencia  |2 slo 
650 4 |a čiarový kód  |2 slo 
650 4 |a náradie  |2 slo 
650 4 |a inovácia  |2 slo 
650 4 |a Barcode  |2 eng 
650 4 |a QR code  |2 eng 
650 4 |a Tools  |2 eng 
650 4 |a Innovation  |2 eng 
650 4 |a Registry  |2 eng 
700 1 |a Pauliková, Alena  |u 064000  |k Z1  |4 ths  |U MTF Materiálovotechnologická fakulta  |T MTF Ústav priemyselného inžinierstva a manažmentu  |X 77968  |U M4000  |Y 84  |7 77968 
856 4 |u http://is.stuba.sk/zp/portal_zp.pl?podrobnosti=158276